|
|
|
|
| LEADER |
00000nam2a2200000 4500 |
| 001 |
173705 |
| 005 |
20231208102821.0 |
| 035 |
|
|
|a (RuTPU)RU\TPU\book\188386
|
| 035 |
|
|
|a RU\TPU\book\167196
|
| 090 |
|
|
|a 173705
|
| 100 |
|
|
|a 20091230d2008 k y0rusy50 ca
|
| 101 |
0 |
|
|a rus
|
| 102 |
|
|
|a RU
|
| 105 |
|
|
|a a z 001zy
|
| 200 |
0 |
|
|a Т. 313, № 6 : Экономика. Философия, социология и культурология
|
| 210 |
|
|
|d 2008
|
| 215 |
|
|
|a 189 с.
|c ил.
|
| 320 |
|
|
|a Библиография в конце статей
|
| 461 |
|
1 |
|0 (RuTPU)RU\TPU\book\176237
|t Известия Томского политехнического университета [Известия ТПУ]
|f Томский политехнический университет (ТПУ)
|v Т. 313, № 6 : Экономика. Философия, социология и культурология
|d 2000-
|
| 601 |
0 |
2 |
|a Томский политехнический университет (ТПУ)
|c (1991- )
|2 stltpush
|3 (RuTPU)RU\TPU\col\376
|
| 606 |
1 |
|
|a Высшие технические учебные заведения
|2 stltpush
|3 (RuTPU)RU\TPU\subj\3996
|9 32316
|
| 606 |
1 |
|
|a Экономика
|2 stltpush
|3 (RuTPU)RU\TPU\subj\26549
|9 50450
|
| 606 |
1 |
|
|a Философия
|2 stltpush
|3 (RuTPU)RU\TPU\subj\63880
|9 80812
|
| 606 |
1 |
|
|a Культурология
|2 stltpush
|3 (RuTPU)RU\TPU\subj\67420
|9 83233
|
| 606 |
1 |
|
|a Социология
|2 stltpush
|3 (RuTPU)RU\TPU\subj\67656
|9 83377
|
| 610 |
1 |
|
|a технические университеты
|
| 610 |
1 |
|
|a Сибирь
|
| 610 |
1 |
|
|a Томск
|
| 610 |
1 |
|
|a научные исследования
|
| 610 |
1 |
|
|a экономические науки
|
| 610 |
1 |
|
|a философские науки
|
| 610 |
1 |
|
|a образование
|
| 610 |
1 |
|
|a труды учёных ТПУ
|
| 610 |
1 |
|
|a Коллекция История ТПУ
|
| 675 |
|
|
|a 62
|v 3
|
| 686 |
|
|
|a У01
|2 rubbk
|
| 686 |
|
|
|a Ю0/3
|2 rubbk
|
| 686 |
|
|
|a С5
|2 rubbk
|
| 686 |
|
|
|a Ч111
|2 rubbk
|
| 686 |
|
|
|a Ч484(2)72
|2 rubbk
|
| 801 |
|
1 |
|a RU
|b 63413507
|c 20090220
|g PSBO
|
| 801 |
|
2 |
|a RU
|b 63413507
|c 20221208
|g PSBO
|
| 942 |
|
|
|c CR
|